[Event "SU Annen (ch)"]
[Site "?"]
[Date "2024.05.10"]
[Round "7"]
[White "Köhler, Frank"]
[Black "Solomov, Christian"]
[Result "1-0"]
[WhiteElo "1733"]
[BlackElo "1152"]
[PlyCount "40"]
[EventDate "2024.01.12"]
[EventType "swiss"]
[EventRounds "7"]
[SourceDate "2024.01.12"]

1. c4 e5 2. g3 Nf6 3. Bg2 d5 4. cxd5 Nxd5 5. Nc3 Be6 6. Nf3 Nc6 7. O-O Be7 8.
d4 exd4 9. Nxd4 Nxd4 10. Qxd4 Bf6 11. Qa4+ c6 12. Nxd5 Bxd5 13. Rd1 O-O 14. e4
b5 15. Qc2 Rc8 16. Be3 {#} Bxe4 (16... Qa5 17. exd5 cxd5 18. Qb3 Rc4 19. Bxd5
Rb4 20. Qa3 Ra4 21. Qc5 Bxb2 22. Rab1 Ba3 23. Qxb5 Qxb5 24. Rxb5 a6 25. Rb7 h6
26. Bb3 Ra5 27. Rdd7 Rf5 28. Bd4 h5 29. Be6 Rf3 30. Kg2 Rd3 31. Rxf7 Rxf7 32.
Bxf7+ Kf8 33. Bxg7+ {1-0 Knoeppel,B (1988)-Laureles,R (1115), email 2011}) 17.
Bxe4 Qe7 18. Bc5 Qe6 19. Bxh7+ Kh8 20. Bf5 Qe5 1-0

[Event "SU Annen (ch)"]
[Site "?"]
[Date "2024.04.26"]
[Round "7"]
[White "Reichard, Sven"]
[Black "Zimmermann, Kolya"]
[Result "0-1"]
[WhiteElo "1415"]
[BlackElo "1140"]
[PlyCount "64"]
[EventDate "2024.01.12"]
[EventType "swiss"]
[EventRounds "7"]
[SourceDate "2024.01.12"]

1. e4 b6 2. d4 Bb7 3. Bd3 e6 4. Nf3 Nf6 5. Nc3 Bb4 6. Qe2 d5 7. Bg5 dxe4 8.
Bxe4 Bxe4 9. Bxf6 Bxc3+ 10. bxc3 gxf6 11. Qxe4 {#} Qd5 (11... Nd7 12. O-O O-O
13. Rfe1 c5 14. Rad1 Rc8 15. Qh4 f5 16. Ng5 Nf6 17. Qh6 Qe7 18. Rd3 Rfd8 19.
Rh3 Kh8 20. Nxh7 Ng4 21. Qh5 Kg7 22. f3 Nf6 23. Qg5+ {1-0 Mueller,P (1754)
-Welle,B (1485), Berlin 2000}) (11... c6 12. O-O (12. c4 Qd6 13. O-O Nd7 14.
Rfd1 O-O-O 15. a4 f5 16. Qe2 Rhg8 17. a5 Nf6 18. Ne5 Rg7 19. axb6 axb6 20. c5 {
1-0 Garcia Cabrera,J (1206)-Fernandez Rodriguez,R (1009), email 2014}) 12...
Qd5 13. Qe2 O-O 14. c4 Qh5 15. Rfd1 Nd7 16. Qe4 Rac8 17. Rd3 Kh8 18. Re1 Rg8
19. g3 Rg4 20. Qe2 Rgg8 21. Ra3 Rc7 22. Qe3 Qf5 23. Qe4 Qxe4 24. Rxe4 Rd8 25.
Re2 Nf8 26. Rd3 Rcd7 27. Red2 Ng6 28. Kf1 Ne7 29. Ke2 Nf5 30. Rd1 Kg7 31. g4
Nd6 32. Nd2 Kf8 33. a4 Nb7 34. Nb3 Ke7 35. Ke3 c5 36. d5 Nd6 37. Nd2 f5 38. h3
Rg8 39. f3 h5 40. gxf5 Nxf5+ 41. Kf4 Nh4 42. Nf1 Rg2 43. dxe6 Rxd3 44. cxd3
fxe6 45. a5 bxa5 46. Rb1 Kf6 47. Rb5 Rf2 48. Kg3 Rxf1 49. Kxh4 Rxf3 50. Rxc5
Rxd3 51. Rxa5 e5 52. Kxh5 Rxh3+ 53. Kg4 Rh7 54. Ra6+ Ke7 55. Rxa7+ {1-0 Gupta,
M (2236)-Hille,R (2066), BRD 2013}) 12. Qxd5 exd5 13. O-O Kd7 14. Rae1 Nc6 15.
Re3 Ne7 16. Nh4 Ng6 17. Nf5 Rae8 18. Rfe1 Rxe3 19. Rxe3 c5 20. g3 Re8 21. Rxe8
Kxe8 22. Nd6+ Kd7 23. Nf5 Ne7 24. Nxe7 Kxe7 25. Kg2 Kd6 26. Kf3 Kc6 27. a4 a5
28. Ke3 b5 29. axb5+ Kxb5 30. Kd2 cxd4 31. cxd4 Kc4 32. c3 Kb3 0-1

[Event "SU Annen (ch)"]
[Site "?"]
[Date "2024.04.26"]
[Round "7"]
[White "Stergar, Lothar"]
[Black "Steding, Lennard"]
[Result "1/2-1/2"]
[WhiteElo "1612"]
[BlackElo "1454"]
[PlyCount "61"]
[EventDate "2024.01.12"]
[EventType "swiss"]
[EventRounds "7"]
[SourceDate "2024.01.12"]

1. e4 d5 2. exd5 Qxd5 3. Nc3 Qa5 4. Nf3 Nf6 5. d4 c6 6. Bd2 Bg4 7. Bc4 Nbd7 8.
O-O e6 9. h3 Bh5 10. Nd5 Qd8 11. Nf4 Bg6 12. Re1 {#} Be7 (12... Bd6 13. Bxe6
O-O 14. Nxg6 hxg6 15. Bb3 b5 16. Bg5 Nb6 17. c3 Nbd5 18. Ne5 Qc7 19. Bxf6 gxf6
20. Bxd5 fxe5 21. dxe5 Bxe5 22. Bxc6 Bxc3 23. Bxa8 Bxe1 24. Bd5 Re8 25. Rc1 Qf4
26. Qc2 Bxf2+ 27. Kh1 Qg3 28. Qc6 Rf8 29. Qf6 Qd3 30. Bxf7+ Kh7 31. Bxg6+ Qxg6
32. Qxf8 {1-0 Willemze,T-Schrevens,J, Hengelo 1997}) 13. Ng5 Nf8 14. Bxe6 Nxe6
15. Ngxe6 fxe6 16. Nxe6 Qd7 17. Nxg7+ Kf7 18. Ne6 Ne4 19. Qf3+ Bf6 20. Ng5+
Nxg5 21. Bxg5 Qf5 22. Qb3+ Kf8 23. Bh6+ Bg7 24. Bxg7+ Kxg7 25. Re7+ Bf7 26.
Rae1 Rae8 27. R1e5 Rxe7 28. Qg3+ Kf6 29. Rxf5+ Kxf5 30. Qg4+ Kf6 31. Qh4+
1/2-1/2